=LDR 00000nam 2200000 4500 =001 INLIS000000000001836 =005 20130612090224 =008 ***********************************Ind** =035 ##$$0010-061300000001836 =041 ##$$a Ind =082 ##$$a 711 =090 ##$$a 711, Wir s =100 ##$$a Wiryomartono, A. Bagus P =245 ##$$a Seni bangunan dan seni bina kota di Indonesia, A. Bagoes P. Wiryomartono =260 ##$$a 1995 $b Jakarta =300 ##$$a xii, 201 hlm; Ilus, 23 cm =650 ##$$a Arsitiktur-Indonesia =850 ##$$a NBPNMAT